000 00979nam a2200253 a 4500
005 20080717065509.0
008 071030s2008 ii b 001 0 eng
010 _aENG-91340
020 _a8178271915
_c900.00
020 _a9788178271910
035 _aEN-74873
037 _bDBAD / PUB
040 _adpl
_bEnglish
082 _a320.954
100 _aKumar Rajesh
245 _aThe Janata enigma:
_cby Kumar Rajesh
_b30 out o 60 /
260 _aNew Delhi :
_bManak Publications
_c2008.
300 _axxxiv, 318 p.
_c23 cm (Hb)
500 _aIncludes bibliographical references and index.
520 _aBiography of Maḥmūdulḥasan, 1851-1920, freedom fighter and Islamic scholar.
651 _aIndia
_xPolitics and government
_y1977-
942 _2ddc
_cEN
_mKUM
_h320.954
999 _c16739
_d16739